000 00638nam a2200193Ia 4500
008 200819s9999||||xx |||||||||||||| ||und||
020 _a1597528390
020 _a9781597528399
041 _aeng
050 _aBS2775.6
_b.K55 2006
100 _aKim, Lloyd
245 0 _aPolemic in the Book of Hebrews:
_banti-semitism, anti-judaism, supersessionism? /
_cLloyd Kim
260 _aEugene, OR :
_bPickwick Publications,
_c2006
300 _axiii, 221 p.
_b;
_c23 cm.
650 _aBible. Hebrews Criticism, interpretation, etc.
650 _aBible. Hebrews.
650 _aChristianity and other religions Judaism History.
999 _c13249
_d13249